Eurovision Song Contest 2018 languages - Statistics

General Stats
  • This quiz has been taken 356 times
  • The average score is 36 of 43
Answer Stats
Languages Countries Title % Correct
Italian Italy Non mi avete fatto niente
94%
Italian Estonia La forza
94%
Spanish Spain Tu Canción
93%
United Kingdom English Storms
93%
French France Mercy
92%
Sweden English Dance You Off
91%
Russia English I Won't Break
90%
Austria English Nobody but You
88%
Denmark English Higher Ground
88%
Finland English Monsters
88%
Norway English That's How You Write a Song
88%
Iceland English Our Choice
87%
Latvia English Funny Girl
87%
Belgium English A Matter of Time
86%
Germany English You Let Me Walk Alone
86%
Ireland English Together
86%
Lithuania English When We're Old
86%
Albanian Albania Mall
85%
Cyprus English Fuego
85%
Israel English Toy
85%
Romania English Goodbye
85%
Ukraine English Under the Ladder
85%
Bulgaria English Bones
84%
Croatia English Crazy
84%
Greek Greece Oneiro Mou
84%
Belarus English Forever
83%
Malta English Taboo
83%
Poland English Light Me Up
83%
Australia English We Got Love
82%
Azerbaijan English X My Heart
82%
Serbian Serbia Nova deca
82%
Armenian Armenia Qami
81%
Netherlands English Oulaw in 'Em
81%
Moldova English DoReDos
80%
Switzerland English Stones
80%
Hungarian Hungary Viszlát nyár
79%
Czech Republic English Lie To Me
78%
Georgian Georgia For You
78%
Portuguese Portugal O jardim
78%
Macedonia English Lost and Found
75%
San Marino English Who We Are
74%
Slovene Slovenia Hvala, ne!
72%
Montenegrin Montenegro Inje
57%
No matching quizzes found
Score Distribution
Percent of People with Each Score
Percentile by Number Answered
Your Score History
You have not taken this quiz